00342nam a2200133 a 45000010010000000030011000100080041000210350026000620820014000881000018001022450019001202600050001396500019001890000-9010ELIB.Books110520 1997  a(ELIB.Books)0000-9159 a270 bNol aNoll, Mark A. aTurning Points bGrand Rapids: Baker Book House Company c1997 aChurch History